[Event "DEM U10 2023"]
[Site "Willingen GER"]
[Date "2023.05.30"]
[Round "5"]
[White "Zargaran, Sepas"]
[Black "Chua, Daniel James"]
[Result "1-0"]
[Termination "normal"]
[Board "6"]
[WhiteElo "1540"]
[BlackElo "1433"]
[WhiteClock "00:19:47"]
[BlackClock "00:27:03"]
[PlyCount "95"]
[WhiteFideId "34625275"]
[BlackFideId "34608354"]
[EventCountry "GER"]
[EventRounds "11"]
[EventType "swiss"]
[EventDate "2023.05.27"]

1. e4 {[%clk 01:15:58]} {[%emt 00:00:02]} e5 {[%clk 01:15:43]} {[%emt
00:00:16]} 2. Nf3 {[%clk 01:16:21]} {[%emt 00:00:07]} Nc6 {[%clk 01:16:09]}
{[%emt 00:00:04]} 3. Bb5 {[%clk 01:16:33]} {[%emt 00:00:18]} a6 {[%clk
01:15:23]} {[%emt 00:01:17]} 4. Ba4 {[%clk 01:16:48]} {[%emt 00:00:15]} Nf6
{[%clk 01:15:44]} {[%emt 00:00:09]} 5. O-O {[%clk 01:17:02]} {[%emt 00:00:15]}
Be7 {[%clk 01:15:53]} {[%emt 00:00:22]} 6. Re1 {[%clk 01:17:14]} {[%emt
00:00:18]} d6 {[%clk 01:16:10]} {[%emt 00:00:13]} 7. c3 {[%clk 01:17:22]}
{[%emt 00:00:21]} Bg4 {[%clk 01:16:31]} {[%emt 00:00:10]} 8. d4 {[%clk
01:16:49]} {[%emt 00:01:02]} b5 {[%clk 01:16:22]} {[%emt 00:00:39]} 9. Bc2
{[%clk 01:16:51]} {[%emt 00:00:28]} O-O {[%clk 01:16:32]} {[%emt 00:00:20]} 10.
d5 {[%clk 01:15:57]} {[%emt 00:01:25]} Nb8 {[%clk 01:16:18]} {[%emt 00:00:44]}
11. h3 {[%clk 01:15:58]} {[%emt 00:00:29]} Bh5 {[%clk 01:14:51]} {[%emt
00:01:57]} 12. a4 {[%clk 01:15:41]} {[%emt 00:00:47]} Nbd7 {[%clk 01:14:17]}
{[%emt 00:01:03]} 13. b4 {[%clk 01:13:59]} {[%emt 00:02:13]} h6 {[%clk
01:14:00]} {[%emt 00:00:46]} 14. Qd3 {[%clk 01:11:14]} {[%emt 00:03:14]} Bxf3
{[%clk 01:13:25]} {[%emt 00:01:07]} 15. Qxf3 {[%clk 01:10:42]} {[%emt
00:01:01]} Nb6 {[%clk 01:13:22]} {[%emt 00:00:34]} 16. Bd3 {[%clk 01:10:39]}
{[%emt 00:00:31]} Nxa4 {[%clk 01:13:18]} {[%emt 00:00:35]} 17. Be3 {[%clk
01:07:34]} {[%emt 00:03:36]} Nh7 {[%clk 01:13:14]} {[%emt 00:00:34]} 18. Qe2
{[%clk 01:05:40]} {[%emt 00:02:22]} Bg5 {[%clk 01:13:12]} {[%emt 00:00:30]} 19.
Bxg5 {[%clk 01:05:36]} {[%emt 00:00:37]} Qxg5 {[%clk 01:12:57]} {[%emt
00:00:45]} 20. c4 {[%clk 01:04:21]} {[%emt 00:01:46]} Nb6 {[%clk 01:09:56]}
{[%emt 00:03:30]} 21. cxb5 {[%clk 01:04:10]} {[%emt 00:00:42]} axb5 {[%clk
01:10:15]} {[%emt 00:00:11]} 22. Nc3 {[%clk 01:03:43]} {[%emt 00:00:56]} Nf6
{[%clk 01:05:40]} {[%emt 00:05:05]} 23. Nxb5 {[%clk 01:02:55]} {[%emt
00:01:19]} Nh5 {[%clk 01:05:46]} {[%emt 00:00:24]} 24. Nxc7 {[%clk 01:01:05]}
{[%emt 00:02:20]} Rac8 {[%clk 01:04:22]} {[%emt 00:01:54]} 25. Nb5 {[%clk
00:59:46]} {[%emt 00:01:50]} Nf4 {[%clk 00:59:22]} {[%emt 00:05:29]} 26. Qf3
{[%clk 00:57:43]} {[%emt 00:02:33]} Rcd8 {[%clk 00:55:48]} {[%emt 00:04:03]}
27. Ra6 {[%clk 00:53:21]} {[%emt 00:04:52]} Nc8 {[%clk 00:54:14]} {[%emt
00:02:03]} 28. g3 {[%clk 00:51:09]} {[%emt 00:02:43]} Nxh3+ {[%clk 00:49:24]}
{[%emt 00:05:20]} 29. Kh2 {[%clk 00:46:38]} {[%emt 00:04:56]} Qd2 {[%clk
00:49:21]} {[%emt 00:00:39]} 30. Qe2 {[%clk 00:46:17]} {[%emt 00:00:45]} Qxe2
{[%clk 00:48:09]} {[%emt 00:01:48]} 31. Rxe2 {[%clk 00:46:22]} {[%emt
00:00:25]} Ng5 {[%clk 00:48:30]} {[%emt 00:00:08]} 32. f4 {[%clk 00:45:58]}
{[%emt 00:00:53]} Nh7 {[%clk 00:45:45]} {[%emt 00:03:16]} 33. Rc2 {[%clk
00:45:05]} {[%emt 00:01:21]} Rd7 {[%clk 00:43:48]} {[%emt 00:02:29]} 34. Rcc6
{[%clk 00:44:11]} {[%emt 00:01:23]} Rb7 {[%clk 00:42:47]} {[%emt 00:01:32]} 35.
fxe5 {[%clk 00:42:23]} {[%emt 00:02:18]} dxe5 {[%clk 00:42:58]} {[%emt
00:00:19]} 36. d6 {[%clk 00:42:32]} {[%emt 00:00:22]} Nf6 {[%clk 00:42:29]}
{[%emt 00:00:59]} 37. Rc7 {[%clk 00:35:34]} {[%emt 00:07:28]} Rb6 {[%clk
00:36:18]} {[%emt 00:06:41]} 38. Rxb6 {[%clk 00:34:47]} {[%emt 00:01:18]} Nxb6
{[%clk 00:35:04]} {[%emt 00:01:43]} 39. Rb7 {[%clk 00:32:33]} {[%emt 00:02:44]}
Nfd7 {[%clk 00:34:18]} {[%emt 00:01:16]} 40. Na7 {[%clk 00:31:03]} {[%emt
00:02:00]} Rb8 {[%clk 00:30:14]} {[%emt 00:04:31]} 41. Rc7 {[%clk 00:30:14]}
{[%emt 00:01:20]} Kf8 {[%clk 00:29:19]} {[%emt 00:01:26]} 42. Bb5 {[%clk
00:28:32]} {[%emt 00:02:11]} Ke8 {[%clk 00:29:21]} {[%emt 00:00:26]} 43. Nc6
{[%clk 00:28:02]} {[%emt 00:01:04]} Rc8 {[%clk 00:28:02]} {[%emt 00:01:48]} 44.
Nxe5 {[%clk 00:24:59]} {[%emt 00:03:34]} Rd8 {[%clk 00:27:21]} {[%emt
00:01:10]} 45. Rb7 {[%clk 00:19:48]} {[%emt 00:05:39]} f6 {[%clk 00:26:38]}
{[%emt 00:01:15]} 46. Nc6 {[%clk 00:19:30]} {[%emt 00:00:48]} Rc8 {[%clk
00:26:45]} {[%emt 00:00:23]} 47. Nb8 {[%clk 00:19:32]} {[%emt 00:00:28]} Rd8
{[%clk 00:27:03]} {[%emt 00:00:12]} 48. Rxb6 {[%clk 00:19:47]} {[%emt
00:00:16]} 1-0

[Event "DEM U10 2023"]
[Site "Willingen GER"]
[Date "2023.05.30"]
[Round "5"]
[White "Andersen, Jonathan"]
[Black "Hoppe, Arthur"]
[Result "1-0"]
[Termination "normal"]
[Board "7"]
[WhiteElo "1494"]
[BlackElo "1430"]
[WhiteClock "01:19:54"]
[BlackClock "01:10:42"]
[PlyCount "47"]
[WhiteFideId "34623884"]
[BlackFideId "34618910"]
[EventCountry "GER"]
[EventRounds "11"]
[EventType "swiss"]
[EventDate "2023.05.27"]

1. e4 {[%clk 01:16:00]} {[%emt 00:27:26]} c5 {[%clk 01:15:50]} {[%emt
00:00:10]} 2. Nf3 {[%clk 01:16:21]} {[%emt 00:00:08]} d6 {[%clk 01:16:17]}
{[%emt 00:00:04]} 3. d4 {[%clk 01:16:43]} {[%emt 00:00:08]} cxd4 {[%clk
01:16:44]} {[%emt 00:00:03]} 4. Nxd4 {[%clk 01:17:05]} {[%emt 00:00:08]} Nf6
{[%clk 01:17:10]} {[%emt 00:00:04]} 5. Nc3 {[%clk 01:17:27]} {[%emt 00:00:08]}
Nc6 {[%clk 01:17:36]} {[%emt 00:00:04]} 6. Be2 {[%clk 01:17:21]} {[%emt
00:00:36]} g6 {[%clk 01:18:01]} {[%emt 00:00:05]} 7. Be3 {[%clk 01:17:40]}
{[%emt 00:00:11]} Bg7 {[%clk 01:18:27]} {[%emt 00:00:04]} 8. Qd2 {[%clk
01:17:53]} {[%emt 00:00:18]} Bd7 {[%clk 01:18:39]} {[%emt 00:00:17]} 9. f3
{[%clk 01:18:16]} {[%emt 00:00:07]} h5 {[%clk 01:19:02]} {[%emt 00:00:07]} 10.
h3 {[%clk 01:18:24]} {[%emt 00:00:23]} a6 {[%clk 01:19:23]} {[%emt 00:00:08]}
11. O-O-O {[%clk 01:18:37]} {[%emt 00:00:17]} Rc8 {[%clk 01:19:35]} {[%emt
00:00:18]} 12. Kb1 {[%clk 01:18:56]} {[%emt 00:00:12]} b5 {[%clk 01:19:32]}
{[%emt 00:00:33]} 13. g4 {[%clk 01:19:09]} {[%emt 00:00:17]} O-O {[%clk
01:19:55]} {[%emt 00:00:06]} 14. Nxc6 {[%clk 01:18:50]} {[%emt 00:00:50]} Bxc6
{[%clk 01:19:48]} {[%emt 00:00:36]} 15. Bg5 {[%clk 01:18:38]} {[%emt 00:00:42]}
Kh7 {[%clk 01:13:13]} {[%emt 00:07:05]} 16. Bxf6 {[%clk 01:18:59]} {[%emt
00:00:09]} Bxf6 {[%clk 01:13:38]} {[%emt 00:00:05]} 17. gxh5 {[%clk 01:19:17]}
{[%emt 00:00:12]} gxh5 {[%clk 01:13:39]} {[%emt 00:00:29]} 18. e5 {[%clk
01:18:50]} {[%emt 00:00:58]} dxe5 {[%clk 01:10:06]} {[%emt 00:04:03]} 19. Bd3+
{[%clk 01:18:55]} {[%emt 00:00:24]} e4 {[%clk 01:09:39]} {[%emt 00:00:57]} 20.
Nxe4 {[%clk 01:19:12]} {[%emt 00:00:13]} Bxe4 {[%clk 01:09:49]} {[%emt
00:00:20]} 21. Bxe4+ {[%clk 01:19:22]} {[%emt 00:00:19]} Kg8 {[%clk 01:10:01]}
{[%emt 00:00:19]} 22. Rdg1+ {[%clk 01:19:37]} {[%emt 00:00:15]} Bg7 {[%clk
01:10:21]} {[%emt 00:00:10]} 23. Rxg7+ {[%clk 01:19:32]} {[%emt 00:00:35]} Kxg7
{[%clk 01:10:42]} {[%emt 00:00:09]} 24. Qg5+ {[%clk 01:19:54]} {[%emt
00:00:07]} 1-0

[Event "DEM U10 2023"]
[Site "Willingen GER"]
[Date "2023.05.30"]
[Round "5"]
[White "Cremann, Jannis"]
[Black "Menke, Raphael Wilhelm"]
[Result "0-1"]
[Termination "normal"]
[Board "8"]
[WhiteElo "1324"]
[BlackElo "1884"]
[WhiteClock "00:50:14"]
[BlackClock "00:35:57"]
[PlyCount "70"]
[WhiteFideId "34660178"]
[BlackFideId "34621008"]
[EventCountry "GER"]
[EventRounds "11"]
[EventType "swiss"]
[EventDate "2023.05.27"]

1. d4 {[%clk 01:15:57]} {[%emt 00:00:02]} Nf6 {[%clk 01:15:57]} {[%emt
00:00:05]} 2. Nf3 {[%clk 01:16:11]} {[%emt 00:00:16]} d5 {[%clk 01:15:27]}
{[%emt 00:01:00]} 3. c4 {[%clk 01:16:00]} {[%emt 00:00:41]} e6 {[%clk
01:14:41]} {[%emt 00:01:16]} 4. Nc3 {[%clk 01:15:57]} {[%emt 00:00:32]} Be7
{[%clk 01:13:28]} {[%emt 00:01:44]} 5. Bf4 {[%clk 01:14:51]} {[%emt 00:01:35]}
b6 {[%clk 01:11:08]} {[%emt 00:02:51]} 6. e3 {[%clk 01:14:46]} {[%emt
00:00:25]} Bb7 {[%clk 01:09:09]} {[%emt 00:02:38]} 7. Bd3 {[%clk 01:12:32]}
{[%emt 00:02:44]} O-O {[%clk 01:07:56]} {[%emt 00:01:44]} 8. O-O {[%clk
01:10:49]} {[%emt 00:02:08]} Nbd7 {[%clk 01:06:23]} {[%emt 00:02:08]} 9. Re1
{[%clk 01:08:29]} {[%emt 00:02:50]} c5 {[%clk 01:04:57]} {[%emt 00:01:56]} 10.
cxd5 {[%clk 01:08:14]} {[%emt 00:00:45]} Nxd5 {[%clk 01:03:55]} {[%emt
00:01:32]} 11. Nxd5 {[%clk 01:08:25]} {[%emt 00:00:20]} Bxd5 {[%clk 01:04:17]}
{[%emt 00:00:07]} 12. e4 {[%clk 01:06:48]} {[%emt 00:02:07]} Bb7 {[%clk
01:02:55]} {[%emt 00:01:53]} 13. dxc5 {[%clk 01:04:37]} {[%emt 00:02:40]} Nxc5
{[%clk 01:01:14]} {[%emt 00:02:11]} 14. Bc2 {[%clk 01:04:26]} {[%emt 00:00:41]}
Rc8 {[%clk 00:58:46]} {[%emt 00:02:56]} 15. Qe2 {[%clk 01:01:50]} {[%emt
00:03:02]} Qd7 {[%clk 00:56:10]} {[%emt 00:03:13]} 16. Rad1 {[%clk 01:01:18]}
{[%emt 00:01:01]} Qc6 {[%clk 00:55:24]} {[%emt 00:01:16]} 17. Bb1 {[%clk
01:01:10]} {[%emt 00:00:38]} Ba6 {[%clk 00:53:43]} {[%emt 00:02:12]} 18. Qe3
{[%clk 00:59:03]} {[%emt 00:02:35]} Qb5 {[%clk 00:52:43]} {[%emt 00:01:31]} 19.
b3 {[%clk 00:57:49]} {[%emt 00:01:44]} Bb7 {[%clk 00:50:40]} {[%emt 00:02:33]}
20. Nd4 {[%clk 00:56:43]} {[%emt 00:01:36]} Qa5 {[%clk 00:48:53]} {[%emt
00:02:15]} 21. Qg3 {[%clk 00:55:31]} {[%emt 00:01:44]} b5 {[%clk 00:46:25]}
{[%emt 00:02:58]} 22. Bh6 {[%clk 00:55:12]} {[%emt 00:00:48]} g6 {[%clk
00:44:49]} {[%emt 00:02:07]} 23. Bxf8 {[%clk 00:55:15]} {[%emt 00:00:26]} Bxf8
{[%clk 00:45:13]} {[%emt 00:00:06]} 24. Bd3 {[%clk 00:53:01]} {[%emt 00:02:44]}
a6 {[%clk 00:43:39]} {[%emt 00:02:05]} 25. Ra1 {[%clk 00:52:39]} {[%emt
00:00:52]} Qc3 {[%clk 00:43:21]} {[%emt 00:00:42]} 26. Bxb5 {[%clk 00:51:26]}
{[%emt 00:01:49]} Qxd4 {[%clk 00:40:22]} {[%emt 00:03:28]} 27. Bc4 {[%clk
00:50:47]} {[%emt 00:01:09]} Nxe4 {[%clk 00:38:36]} {[%emt 00:02:17]} 28. Qe3
{[%clk 00:50:48]} {[%emt 00:00:28]} Qf6 {[%clk 00:38:30]} {[%emt 00:00:36]} 29.
Qf3 {[%clk 00:49:28]} {[%emt 00:01:50]} Qxf3 {[%clk 00:36:44]} {[%emt
00:02:17]} 30. gxf3 {[%clk 00:49:31]} {[%emt 00:00:28]} Nd2 {[%clk 00:36:36]}
{[%emt 00:00:38]} 31. Be2 {[%clk 00:49:38]} {[%emt 00:00:22]} Nxf3+ {[%clk
00:36:53]} {[%emt 00:00:13]} 32. Bxf3 {[%clk 00:49:57]} {[%emt 00:00:11]} Bxf3
{[%clk 00:37:20]} {[%emt 00:00:03]} 33. Re3 {[%clk 00:50:00]} {[%emt 00:00:26]}
Bd5 {[%clk 00:36:55]} {[%emt 00:00:56]} 34. Rd1 {[%clk 00:50:10]} {[%emt
00:00:20]} Rc2 {[%clk 00:35:58]} {[%emt 00:01:27]} 35. a4 {[%clk 00:50:14]}
{[%emt 00:00:27]} Bc5 {[%clk 00:35:57]} {[%emt 00:00:30]} 0-1

[Event "DEM U10 2023"]
[Site "Willingen GER"]
[Date "2023.05.30"]
[Round "5"]
[White "Li, Yunqi"]
[Black "Wagener, Nicolas"]
[Result "1-0"]
[Termination "normal"]
[Board "9"]
[WhiteElo "1609"]
[BlackElo "1506"]
[WhiteClock "00:05:50"]
[BlackClock "00:42:41"]
[PlyCount "85"]
[WhiteFideId "34610618"]
[BlackFideId "34607935"]
[EventCountry "GER"]
[EventRounds "11"]
[EventType "swiss"]
[EventDate "2023.05.27"]

1. e4 {[%clk 01:15:56]} {[%emt 00:00:04]} c5 {[%clk 01:15:58]} {[%emt
00:00:01]} 2. Nf3 {[%clk 01:16:17]} {[%emt 00:00:09]} e6 {[%clk 01:16:25]}
{[%emt 00:00:04]} 3. d3 {[%clk 01:16:40]} {[%emt 00:00:07]} a6 {[%clk
01:16:29]} {[%emt 00:00:26]} 4. Nbd2 {[%clk 01:16:09]} {[%emt 00:01:01]} d5
{[%clk 01:16:37]} {[%emt 00:00:22]} 5. g3 {[%clk 01:16:12]} {[%emt 00:00:27]}
b5 {[%clk 01:16:41]} {[%emt 00:00:26]} 6. Bg2 {[%clk 01:07:03]} {[%emt
00:09:38]} Bb7 {[%clk 01:16:40]} {[%emt 00:00:32]} 7. O-O {[%clk 01:05:28]}
{[%emt 00:02:04]} Nf6 {[%clk 01:16:57]} {[%emt 00:00:13]} 8. Qe2 {[%clk
01:01:58]} {[%emt 00:04:01]} Be7 {[%clk 01:16:28]} {[%emt 00:00:58]} 9. c3
{[%clk 00:52:39]} {[%emt 00:09:50]} O-O {[%clk 01:16:13]} {[%emt 00:00:44]} 10.
Ne5 {[%clk 00:41:32]} {[%emt 00:11:37]} Nc6 {[%clk 01:15:12]} {[%emt 00:01:29]}
11. Nxc6 {[%clk 00:38:03]} {[%emt 00:04:02]} Bxc6 {[%clk 01:15:37]} {[%emt
00:00:05]} 12. e5 {[%clk 00:37:12]} {[%emt 00:01:22]} Nd7 {[%clk 01:15:55]}
{[%emt 00:00:11]} 13. f4 {[%clk 00:37:33]} {[%emt 00:00:09]} Qc7 {[%clk
01:08:51]} {[%emt 00:07:33]} 14. Nf3 {[%clk 00:35:29]} {[%emt 00:02:35]} Rfe8
{[%clk 01:08:46]} {[%emt 00:00:35]} 15. d4 {[%clk 00:32:40]} {[%emt 00:03:19]}
cxd4 {[%clk 01:08:39]} {[%emt 00:00:36]} 16. cxd4 {[%clk 00:32:13]} {[%emt
00:00:58]} Bb7 {[%clk 01:08:29]} {[%emt 00:00:39]} 17. Be3 {[%clk 00:30:49]}
{[%emt 00:01:55]} Rac8 {[%clk 01:08:37]} {[%emt 00:00:20]} 18. Rf2 {[%clk
00:20:16]} {[%emt 00:11:05]} Nb6 {[%clk 01:08:39]} {[%emt 00:00:28]} 19. b3
{[%clk 00:17:11]} {[%emt 00:03:35]} Qb8 {[%clk 01:08:17]} {[%emt 00:00:51]} 20.
Bf1 {[%clk 00:13:37]} {[%emt 00:04:04]} Rc6 {[%clk 01:07:44]} {[%emt 00:01:03]}
21. Bd2 {[%clk 00:12:07]} {[%emt 00:02:00]} Rec8 {[%clk 01:04:03]} {[%emt
00:04:10]} 22. Qd1 {[%clk 00:12:22]} {[%emt 00:00:16]} Ba3 {[%clk 01:01:41]}
{[%emt 00:02:48]} 23. Bd3 {[%clk 00:10:44]} {[%emt 00:02:12]} g6 {[%clk
01:01:34]} {[%emt 00:00:37]} 24. Rb1 {[%clk 00:08:45]} {[%emt 00:02:30]} Bf8
{[%clk 01:00:54]} {[%emt 00:01:09]} 25. Rg2 {[%clk 00:08:32]} {[%emt 00:00:43]}
R8c7 {[%clk 01:01:12]} {[%emt 00:00:12]} 26. g4 {[%clk 00:08:16]} {[%emt
00:00:47]} Qc8 {[%clk 01:00:25]} {[%emt 00:01:16]} 27. f5 {[%clk 00:05:49]}
{[%emt 00:02:58]} Ba3 {[%clk 01:00:40]} {[%emt 00:00:14]} 28. h3 {[%clk
00:04:08]} {[%emt 00:02:11]} Bc1 {[%clk 01:00:59]} {[%emt 00:00:12]} 29. Kh2
{[%clk 00:03:25]} {[%emt 00:01:12]} Bxd2 {[%clk 01:01:15]} {[%emt 00:00:14]}
30. Qxd2 {[%clk 00:03:48]} {[%emt 00:00:08]} Rc1 {[%clk 01:01:25]} {[%emt
00:00:19]} 31. Rxc1 {[%clk 00:03:51]} {[%emt 00:00:27]} Rxc1 {[%clk 01:01:39]}
{[%emt 00:00:16]} 32. Qh6 {[%clk 00:03:48]} {[%emt 00:00:33]} Rc7 {[%clk
00:58:35]} {[%emt 00:03:32]} 33. Ng5 {[%clk 00:03:27]} {[%emt 00:00:53]} f6
{[%clk 00:47:55]} {[%emt 00:11:10]} 34. Nxe6 {[%clk 00:03:41]} {[%emt
00:00:15]} Rf7 {[%clk 00:43:41]} {[%emt 00:04:45]} 35. fxg6 {[%clk 00:03:34]}
{[%emt 00:00:38]} Qxe6 {[%clk 00:44:01]} {[%emt 00:00:08]} 36. gxf7+ {[%clk
00:03:59]} {[%emt 00:00:06]} Qxf7 {[%clk 00:44:23]} {[%emt 00:00:08]} 37. g5
{[%clk 00:04:21]} {[%emt 00:00:09]} fxe5 {[%clk 00:44:14]} {[%emt 00:00:38]}
38. g6 {[%clk 00:04:42]} {[%emt 00:00:10]} Qf4+ {[%clk 00:41:14]} {[%emt
00:03:30]} 39. Qxf4 {[%clk 00:05:01]} {[%emt 00:00:11]} exf4 {[%clk 00:41:38]}
{[%emt 00:00:05]} 40. gxh7+ {[%clk 00:05:24]} {[%emt 00:00:07]} Kf7 {[%clk
00:41:59]} {[%emt 00:00:09]} 41. h8=Q {[%clk 00:05:45]} {[%emt 00:00:09]} f3
{[%clk 00:42:17]} {[%emt 00:00:12]} 42. Rg7+ {[%clk 00:05:50]} {[%emt
00:00:25]} Ke6 {[%clk 00:42:41]} {[%emt 00:00:07]} 43. Qh6# {[%emt 00:00:08]}
1-0

[Event "DEM U10 2023"]
[Site "Willingen GER"]
[Date "2023.05.30"]
[Round "5"]
[White "Teng, David"]
[Black "Pradeep, Harshill"]
[Result "1-0"]
[Termination "normal"]
[Board "10"]
[WhiteElo "1554"]
[BlackElo "1482"]
[WhiteClock "00:58:58"]
[BlackClock "00:51:30"]
[PlyCount "59"]
[WhiteFideId "34604570"]
[BlackFideId "34629513"]
[EventCountry "GER"]
[EventRounds "11"]
[EventType "swiss"]
[EventDate "2023.05.27"]

1. e4 {[%clk 01:15:59]} {[%emt 00:00:01]} e5 {[%clk 01:15:51]} {[%emt
00:00:09]} 2. Nf3 {[%clk 01:16:16]} {[%emt 00:00:13]} Nc6 {[%clk 01:16:16]}
{[%emt 00:00:06]} 3. d4 {[%clk 01:16:29]} {[%emt 00:00:17]} exd4 {[%clk
01:16:40]} {[%emt 00:00:06]} 4. Bc4 {[%clk 01:16:50]} {[%emt 00:00:07]} Nf6
{[%clk 01:17:06]} {[%emt 00:00:05]} 5. e5 {[%clk 01:16:48]} {[%emt 00:00:32]}
d5 {[%clk 01:17:30]} {[%emt 00:00:06]} 6. Bb5 {[%clk 01:17:04]} {[%emt
00:00:14]} Ne4 {[%clk 01:17:51]} {[%emt 00:00:09]} 7. Nxd4 {[%clk 01:16:50]}
{[%emt 00:00:44]} Bc5 {[%clk 01:18:04]} {[%emt 00:00:17]} 8. Be3 {[%clk
01:17:15]} {[%emt 00:00:05]} Bd7 {[%clk 01:16:21]} {[%emt 00:02:13]} 9. Bxc6
{[%clk 01:16:52]} {[%emt 00:00:53]} bxc6 {[%clk 01:16:35]} {[%emt 00:00:15]}
10. Nd2 {[%clk 01:16:01]} {[%emt 00:01:22]} Nxd2 {[%clk 01:16:24]} {[%emt
00:00:41]} 11. Qxd2 {[%clk 01:16:17]} {[%emt 00:00:14]} h6 {[%clk 01:15:12]}
{[%emt 00:01:42]} 12. O-O {[%clk 01:15:50]} {[%emt 00:00:56]} Bb6 {[%clk
01:10:51]} {[%emt 00:04:51]} 13. Nb3 {[%clk 01:15:04]} {[%emt 00:01:17]} Qe7
{[%clk 01:08:21]} {[%emt 00:02:58]} 14. Qc3 {[%clk 01:14:04]} {[%emt 00:01:31]}
Qe6 {[%clk 00:59:49]} {[%emt 00:09:03]} 15. Bc5 {[%clk 01:12:31]} {[%emt
00:02:03]} g5 {[%clk 00:59:21]} {[%emt 00:00:55]} 16. Nd4 {[%clk 01:10:38]}
{[%emt 00:02:27]} Qg6 {[%clk 00:56:11]} {[%emt 00:03:38]} 17. Bxb6 {[%clk
01:07:56]} {[%emt 00:03:13]} cxb6 {[%clk 00:56:28]} {[%emt 00:00:12]} 18. e6
{[%clk 01:07:34]} {[%emt 00:00:52]} fxe6 {[%clk 00:52:49]} {[%emt 00:04:10]}
19. Nxe6 {[%clk 01:05:38]} {[%emt 00:02:26]} Bxe6 {[%clk 00:52:59]} {[%emt
00:00:20]} 20. Qxh8+ {[%clk 01:06:01]} {[%emt 00:00:06]} Bg8 {[%clk 00:53:24]}
{[%emt 00:00:06]} 21. Qc3 {[%clk 01:05:52]} {[%emt 00:00:37]} Kd7 {[%clk
00:53:32]} {[%emt 00:00:24]} 22. Rfe1 {[%clk 01:05:10]} {[%emt 00:01:12]} Rf8
{[%clk 00:53:44]} {[%emt 00:00:18]} 23. Qa3 {[%clk 01:01:46]} {[%emt 00:03:55]}
c5 {[%clk 00:51:17]} {[%emt 00:02:56]} 24. Qxa7+ {[%clk 01:01:40]} {[%emt
00:00:36]} Kc6 {[%clk 00:51:32]} {[%emt 00:00:14]} 25. Re7 {[%clk 01:00:00]}
{[%emt 00:02:10]} Qf5 {[%clk 00:51:14]} {[%emt 00:00:48]} 26. Qc7+ {[%clk
00:59:25]} {[%emt 00:01:05]} Kb5 {[%clk 00:51:39]} {[%emt 00:00:07]} 27. a4+
{[%clk 00:59:13]} {[%emt 00:00:41]} Kc4 {[%clk 00:51:41]} {[%emt 00:00:28]} 28.
b3+ {[%clk 00:59:25]} {[%emt 00:00:18]} Kd4 {[%clk 00:51:49]} {[%emt 00:00:22]}
29. Qg3 {[%clk 00:58:41]} {[%emt 00:01:14]} Qf4 {[%clk 00:51:30]} {[%emt
00:00:49]} 30. c3# {[%clk 00:58:58]} {[%emt 00:00:12]} 1-0

[Event "DEM U10 2023"]
[Site "Willingen GER"]
[Date "2023.05.30"]
[Round "5"]
[White "Pawlak, Antoni"]
[Black "Lange, Fynn Jeremy"]
[Result "0-1"]
[Termination "normal"]
[Board "11"]
[WhiteElo "1323"]
[BlackElo "1616"]
[WhiteClock "00:59:50"]
[BlackClock "00:27:25"]
[PlyCount "48"]
[WhiteFideId "34605460"]
[BlackFideId "34616365"]
[EventCountry "GER"]
[EventRounds "11"]
[EventType "swiss"]
[EventDate "2023.05.27"]

1. e4 {[%clk 01:15:58]} {[%emt 00:00:02]} e5 {[%clk 01:15:51]} {[%emt
00:00:09]} 2. Nf3 {[%clk 01:16:23]} {[%emt 00:00:04]} Nf6 {[%clk 01:15:56]}
{[%emt 00:00:24]} 3. Nxe5 {[%clk 01:16:48]} {[%emt 00:00:07]} d6 {[%clk
01:15:32]} {[%emt 00:00:54]} 4. Nf3 {[%clk 01:17:11]} {[%emt 00:00:06]} Nxe4
{[%clk 01:15:35]} {[%emt 00:00:27]} 5. Nc3 {[%clk 01:17:35]} {[%emt 00:00:06]}
Nxc3 {[%clk 01:15:17]} {[%emt 00:00:48]} 6. dxc3 {[%clk 01:17:59]} {[%emt
00:00:07]} Be7 {[%clk 01:15:00]} {[%emt 00:00:46]} 7. Be3 {[%clk 01:18:19]}
{[%emt 00:00:10]} O-O {[%clk 01:13:32]} {[%emt 00:01:57]} 8. Qd2 {[%clk
01:18:43]} {[%emt 00:00:07]} Nd7 {[%clk 01:11:59]} {[%emt 00:02:03]} 9. O-O-O
{[%clk 01:19:00]} {[%emt 00:00:13]} Nf6 {[%clk 01:10:57]} {[%emt 00:01:32]} 10.
Be2 {[%clk 01:17:00]} {[%emt 00:02:30]} c5 {[%clk 01:08:22]} {[%emt 00:03:06]}
11. h3 {[%clk 01:14:59]} {[%emt 00:02:31]} b5 {[%clk 01:05:14]} {[%emt
00:03:37]} 12. Bxb5 {[%clk 01:13:02]} {[%emt 00:02:28]} Rb8 {[%clk 01:04:00]}
{[%emt 00:01:43]} 13. Bc4 {[%clk 01:12:47]} {[%emt 00:00:45]} Qb6 {[%clk
01:03:31]} {[%emt 00:00:59]} 14. b3 {[%clk 01:12:09]} {[%emt 00:01:09]} Qa5
{[%clk 01:00:45]} {[%emt 00:03:16]} 15. Kb2 {[%clk 01:09:36]} {[%emt 00:03:03]}
Rd8 {[%clk 00:55:45]} {[%emt 00:05:28]} 16. Bf4 {[%clk 01:07:46]} {[%emt
00:02:22]} Be6 {[%clk 00:38:41]} {[%emt 00:17:33]} 17. Bxe6 {[%clk 01:07:05]}
{[%emt 00:01:10]} fxe6 {[%clk 00:39:01]} {[%emt 00:00:11]} 18. Rhe1 {[%clk
01:05:56]} {[%emt 00:01:39]} e5 {[%clk 00:37:42]} {[%emt 00:01:49]} 19. Bg5
{[%clk 01:06:13]} {[%emt 00:00:13]} Rb6 {[%clk 00:31:30]} {[%emt 00:06:42]} 20.
Bxf6 {[%clk 01:06:13]} {[%emt 00:00:31]} Bxf6 {[%clk 00:31:51]} {[%emt
00:00:09]} 21. Qd5+ {[%clk 01:06:26]} {[%emt 00:00:16]} Kf8 {[%clk 00:28:21]}
{[%emt 00:04:00]} 22. Nd2 {[%clk 01:03:41]} {[%emt 00:03:15]} Qxc3+ {[%clk
00:27:25]} {[%emt 00:01:27]} 23. Kb1 {[%clk 01:03:11]} {[%emt 00:01:00]} e4
{[%clk 00:27:07]} {[%emt 00:00:48]} 24. Kc1 {[%clk 00:59:50]} {[%emt 00:03:51]}
Qb2# {[%clk 00:27:25]} {[%emt 00:00:12]} 0-1